Modernización del Derecho Societario

Saved in:
Bibliografiske detaljer
Main Authors: Vásquez Palma, María Fernanda (Author), Embid Irujo, José Miguel (Author)
Format: Bog
Sprog:spansk
Udgivet: Santiago Legal Publishing 2015
Udgivelse:1a. ed
Serier:Monografías
Fag:
Tags: Tilføj Tag
Ingen Tags, Vær først til at tagge denne postø!

MARC

LEADER 00000cam a2200000 a 4500
001 UCE8772
003 CL-VaPUC
008 150904e20150000cl |||||||||||||||||spa|d
020 |a 9789563467048 
082 0 4 |a 346.065  |b VAS  |2 21 
100 0 |a Vásquez Palma, María Fernanda  |e author  |9 581488 
700 0 |a Embid Irujo, José Miguel  |e author  |9 581489 
245 1 0 |a Modernización del Derecho Societario 
250 |a 1a. ed 
300 |a 490 p 
942 |c BK 
945 |d 20150904 11:50:00  |a dcastane 
260 |a Santiago  |b Legal Publishing  |c 2015 
650 7 |a COMPAÑIAS  |2 CL-VaPUC  |9 257215 
650 0 |a Sociedades comerciales   |9 257290 
650 0 |a Derecho y legislación   |9 255077 
650 0 |a Empresas   |9 255569 
583 |a last modification  |c 20150904 11:50:00  |k Rodrigo Vera 
490 0 |a Monografías 
999 |c 360546  |d 360544 
952 |0 0  |1 0  |3 erb  |4 0  |6 346_065000000000000_VAS_2015  |7 0  |8 A  |9 470404  |a BIBDER  |b BIBDER  |i 5195519  |l 2  |o 346.065 VAS 2015  |p 5195519  |r 2023-12-20  |s 2023-12-20  |w 2019-11-23  |y BK  |z Catalogado en:20150904  |k DER